Southville International School and Colleges
Your cart is empty.
  • Cart
  • Lists
    Public lists Eva Luna New books Lux_list list_1
    Your lists Log in to create your own lists
  • Log in to your account
  • Your cookies
  • Search history
Southville International School and Colleges
  • Advanced search
  • Recent comments
  • Most popular
  • Libraries

Log in to your account

Log in with GOOGLE


If you do not have an external account, but do have a local account, you can still log in:

  1. Home
  2. MARC view: Thrombophilia and hypercoagulation :
Normal view MARC view ISBD view

Thrombophilia and hypercoagulation : (Record no. 121438)

[ view plain ]
MARC details
000 -LEADER
fixed length control field 00653nam a2200217Ia 4500
008 - FIXED-LENGTH DATA ELEMENTS--GENERAL INFORMATION
fixed length control field 140626s9999 xx 000 0 und d
100 ## - MAIN ENTRY--PERSONAL NAME
Personal name Gonzales, Vanessa.
245 ## - TITLE STATEMENT
Title Thrombophilia and hypercoagulation :
Remainder of title risk assessment and screening /
Statement of responsibility, etc Vanessa Gonzales
260 ## - PUBLICATION, DISTRIBUTION, ETC. (IMPRINT)
Date of publication, distribution, etc c2012.
300 ## - PHYSICAL DESCRIPTION
Extent 8 : 8, page 649
440 ## - SERIES STATEMENT/ADDED ENTRY--TITLE
Title The Journal for Nurse Practitioners (JNP)
521 ## - TARGET AUDIENCE NOTE
Target audience note
650 ## - SUBJECT ADDED ENTRY--TOPICAL TERM
Topical term or geographic name as entry element Deep vein thrombosis.
650 ## - SUBJECT ADDED ENTRY--TOPICAL TERM
Topical term or geographic name as entry element Factor VIII.
650 ## - SUBJECT ADDED ENTRY--TOPICAL TERM
Topical term or geographic name as entry element Hypercoagulable state.
650 ## - SUBJECT ADDED ENTRY--TOPICAL TERM
Topical term or geographic name as entry element Lupus anticoagulants.
650 ## - SUBJECT ADDED ENTRY--TOPICAL TERM
Topical term or geographic name as entry element Pulmonary embolism.
650 ## - SUBJECT ADDED ENTRY--TOPICAL TERM
Topical term or geographic name as entry element Thrombophilia.
650 ## - SUBJECT ADDED ENTRY--TOPICAL TERM
Topical term or geographic name as entry element Venous thrombotic event.
942 ## - ADDED ENTRY ELEMENTS (KOHA)
Koha item type Periodicals
Holdings
Withdrawn status Lost status Damaged status Home library Current library Shelving location Date acquired Total Checkouts Barcode Date last seen Price effective from Koha item type
      College Library College Library Periodical Section 06/26/2014   S0546 06/26/2014 06/26/2014 Periodicals

Thrombophilia and hypercoagulation :

APA

Gonzales V., . (2012). Thrombophilia and hypercoagulation. : .

Chicago

Gonzales Vanessa, . 2012. Thrombophilia and hypercoagulation. : .

Harvard

Gonzales V., . (2012). Thrombophilia and hypercoagulation. : .

MLA

Gonzales Vanessa, . Thrombophilia and hypercoagulation. : . 2012.

  • Place hold
  • Print
  • Cite
  • Add to your cart (remove)
  • Save record
    BIBTEX Dublin Core MARCXML MARC (non-Unicode/MARC-8) MARC (Unicode/UTF-8) MARC (Unicode/UTF-8, Standard) MODS (XML) RIS
  • More searches
    Search for this title in:
    Other Libraries (WorldCat) Other Databases (Google Scholar) Online Stores (Bookfinder.com) Open Library (openlibrary.org)

Exporting to Dublin Core...

SOUTHVILLE LIBRARY

Southville International School and Colleges Library

1281 Tropical Ave. Cor. Luxembourg St., BF Homes International, Las Pinas City

Tel. No. 8256374 / 252358 Loc. 117/146

Powered by Koha